000
00269nam a22001217a 4500
008
170602b xxu||||| |||| 00| 0 eng d
041
_a
eng
080
_a
94
100
_a
17
101
_a
SHHH
245
_a
THE UNIFICATION OF ITALY
_c
DELZELL.CH.F
942
_2
udc
_c
BK
999
_c
15798
_d
15798